000 00314nam a22001337a 4500
008 170502b xxu||||| |||| 00| 0 eng d
020 _a0135507316
041 _aeng
080 _22ND
_a343.9
100 _a13
101 _aSHJ
245 _aTHE MANAGING OF POLICE ORGANIZATIONS
_cWHISENAND, P.M
942 _2udc
_cBK
999 _c12330
_d12330